|
|
|
|
| LEADER |
00000nam a2200000Ia 4500 |
| 008 |
171114b1987 c ||||| |||| 00| | spa d |
| 999 |
|
|
|c 1465
|d 1465
|
| 090 |
|
|
|a 06.02.01
|b 1657
|
| 110 |
2 |
|
|a Centro Latinoamericano de Documentación Económica y Social
|9 3282
|
| 245 |
1 |
0 |
|a Información y documentación educativa en la República de Argentina
|
| 260 |
|
|
|a Santiago, Chile :
|b CEPAL,
|c 1987
|
| 300 |
|
|
|a 57 páginas
|
| 500 |
|
|
|a La Unidad de Información posee Vol. I "Síntesis y resultados principales de un inventario" (Pre-Informe)
|
| 650 |
1 |
4 |
|a EDUCACIÓN
|9 1
|
| 650 |
1 |
4 |
|a INFORMACIÓN
|9 151
|
| 650 |
1 |
4 |
|a REDES DE INFORMACIÓN
|9 1620
|
| 942 |
|
|
|i 003532 ,003533
|h 06.02.01 1657
|2 z
|c 01
|